| 000 | 01055nam a2200289Ia 4500 | ||
|---|---|---|---|
| 003 | OSt | ||
| 005 | 20220923222427.0 | ||
| 006 | a|||||r|||| 00| 0 | ||
| 007 | ta | ||
| 008 | 220922b |||||||| |||| 00| 0 hin d | ||
| 024 | _a204,881 | ||
| 037 | _cTextual | ||
| 040 |
_aARTS _cARTS _bhin |
||
| 041 |
_2hin _ahin |
||
| 082 | _aO44:gN5, 152L8 | ||
| 100 | _aवि के, गोकाक | ||
| 110 |
_aसाहित्य अकादमी _9166901 |
||
| 245 | 0 | _aआज का भारतीय इतिहास,भारत की सोलह भाषाओं के परिचय | |
| 246 | _aĀj kā bhāratīya itihāsa,bhārat kī solah bhāṣhāoan ke parichaya | ||
| 250 | _aसंस्क 6 | ||
| 260 |
_aदिल्ली _b राजपाल _c1978 |
||
| 300 |
_a444पृ. _ccm. |
||
| 650 |
_aहिन्दी साहित्य _9156264 |
||
| 700 | _aसाहित्य अकादमी | ||
| 942 |
_hO44:gN5, 152L8 _cTEXL _2CC |
||
| 999 |
_c355629 _d355629 |
||